000 00663nam a2200241Ia 4500
003 OSt
005 20221007082205.0
006 a|||||r|||| 00| 0
007 ta
008 221006b |||||||| |||| 00| 0 eng d
024 _a22,630
037 _cReference Collections
040 _aFLL
_cFLL
_beng
041 _2eng
_aeng
082 _aZ236:881qm:2, F8.5
110 _aLahore High Court
_9698881
245 0 _aRules and orders of the high court at Lahore
260 _c1928
300 _a145,24,7xxiv
_ccm.
700 _aLahore High Court
_9698882
942 _hZ236:881qm:2, F8.5
_cREF
_2CC
999 _c1165604
_d1165604